[Event "Titled Tuesday intern op 23rd Apr Late"]
[Site "Chess.com INT"]
[Date "2024.04.23"]
[Round "7"]
[White "Petriashvili, Nikoloz"]
[Black "Brozyna, Mateusz"]
[Result "1/2-1/2"]
[WhiteElo "2475"]
[BlackElo "2259"]
[PlyCount "136"]
[EventDate "2024.04.23"]
[EventType "swiss (blitz)"]
[EventRounds "11"]
[EventCountry "USA"]
[SourceTitle "CB18_2024"]
[SourceDate "2024.05.01"]
[SourceVersion "1"]
[SourceVersionDate "2024.05.01"]
[SourceQuality "2"]

1. b3 d5 2. Bb2 Qd6 3. Nf3 Nd7 4. d4 Ngf6 5. c4 c6 6. Nc3 e5 7. dxe5 Nxe5 8. cxd5 Nxf3+ 9. exf3 cxd5 10. Bb5+ Bd7 11. 0-0 Be7 12. a4 0-0 13. Ba3 Qe5 14. Bxe7 Qxe7 15. Nxd5 Nxd5 16. Qxd5 Be6 17. Qe4 a6 18. Bc4 Rfe8 19. Rfe1 Rad8 20. Bxe6 Qxe6 21. Qxe6 Rxe6 22. Rxe6 fxe6 23. Re1 Rd3 24. b4 Rb3 25. g3 Kf7 26. Re4 Rxf3 27. Rc4 b5 28. Rc7+ Kf6 29. axb5 axb5 30. Rb7 Rf5 31. f4 h5 32. Kg2 g5 33. fxg5+ Kxg5 34. Rb6 Kf6 35. Kh3 Re5 36. Kh4 Kg6 37. Kh3 Kg5 38. Kg2 Kg4 39. h3+ Kf5 40. Kf3 Kg5 41. Rb8 Rd5 42. Ke4 Kf6 43. Rc8 Re5+ 44. Kf3 Rf5+ 45. Kg2 Rd5 46. Rb8 Kf5 47. Kf3 Rd3+ 48. Kf2 Ke4 49. Rxb5 Rd2+ 50. Ke1 Rb2 51. Rxh5 Kf3 52. Rb5 Kxg3 53. Rb8 Kxh3 54. b5 Kg3 55. b6 Kf4 56. Kd1 Ke3 57. b7 e5 58. Kc1 Rb6 59. Kc2 e4 60. Kc3 Ke2 61. Kd4 e3 62. Kc5 Rb1 63. Kc6 Ke1 64. Re8 e2 65. b8Q Rxb8 66. Rxb8 Kd2 67. Re8 e1Q 68. Rxe1 Kxe1 1/2-1/2

[Event "Pardubice Czech op-E 34th"]
[Site "Pardubice"]
[Date "2023.07.14"]
[Round "3"]
[White "Gawlas, Roman"]
[Black "Brozyna, Mateusz"]
[Result "0-1"]
[WhiteElo "2062"]
[BlackElo "2298"]
[PlyCount "60"]
[EventDate "2023.07.13"]
[EventType "team-swiss"]
[EventRounds "7"]
[EventCountry "CZE"]
[SourceTitle "CBM 215 Extra"]
[Source "ChessBase"]
[SourceDate "2023.09.30"]
[SourceVersion "1"]
[SourceVersionDate "2023.09.30"]
[SourceQuality "1"]
[WhiteTeam "Hostalkova"]
[BlackTeam "Frutti Di Mare"]
[WhiteTeamCountry "CZE"]
[BlackTeamCountry "CZE"]

1. d4 d5 2. c4 c6 3. Nc3 Nf6 4. Nf3 e6 5. Bg5 Nbd7 6. e3 Qa5 7. cxd5 Nxd5 8. Rc1 b6 9. Bd3 Nxc3 10. bxc3 Ba3 11. Rc2 Ba6 12. 0-0 Bxd3 13. Qxd3 0-0 14. Rb1 Rfe8 15. Bf4 Rad8 16. Rb3 Nc5 17. Qe2 Nxb3 18. axb3 Bd6 19. Bg5 Be7 20. Bf4 Qb5 21. Rb2 Qxe2 22. Rxe2 Bd6 23. Ne5 Bxe5 24. Bxe5 f6 25. Bg3 e5 26. Kf1 exd4 27. cxd4 c5 28. Rd2 cxd4 29. exd4 Rd5 30. f3 Re3 0-1

[Event "POL-ch Universities"]
[Site "Bydgoszcz"]
[Date "2023.03.10"]
[Round "2"]
[White "Korpalski, Maciej"]
[Black "Brozyna, Mateusz"]
[Result "0-1"]
[WhiteElo "1900"]
[BlackElo "2298"]
[PlyCount "45"]
[EventDate "2023.03.10"]
[EventType "swiss"]
[EventRounds "9"]
[EventCountry "POL"]
[SourceTitle "CBM 213 Extra"]
[Source "ChessBase"]
[SourceDate "2023.05.31"]
[SourceVersion "1"]
[SourceVersionDate "2023.05.31"]
[SourceQuality "1"]

1. e4 e5 2. Nf3 Nc6 3. Bb5 a6 4. Ba4 Nf6 5. 0-0 Be7 6. c3 d6 7. Re1 0-0 8. h3 b5 9. Bc2 Re8 10. d4 Bf8 11. a4 Bb7 12. Nbd2 exd4 13. cxd4 Nb4 14. Bb1 c5 15. d5 g6 16. Nb3 Bg7 17. axb5 axb5 18. Rxa8 Qxa8 19. Bf4 Qd8 20. Qd2 Nh5 21. Bg5 Qa8 22. Nc1 Qa1 23. Nd3 0-1

[Event "Titled Tuesday intern op 03rd Jan Late"]
[Site "Chess.com INT"]
[Date "2023.01.03"]
[Round "2"]
[White "Brozyna, Mateusz"]
[Black "Sloan, Julia Elizabeth"]
[Result "1-0"]
[WhiteElo "2298"]
[BlackElo "2087"]
[PlyCount "29"]
[EventDate "2023.01.03"]
[EventType "swiss (blitz)"]
[EventRounds "11"]
[EventCountry "USA"]
[SourceTitle "EXT 2024"]
[Source "ChessBase"]
[SourceDate "2023.10.10"]
[SourceVersion "1"]
[SourceVersionDate "2023.10.10"]
[SourceQuality "1"]

1. e4 c5 2. Nf3 d6 3. d4 cxd4 4. Nxd4 Nf6 5. Nc3 a6 6. Bc4 Qc7 7. Bb3 e6 8. 0-0 Be7 9. Qf3 Nbd7 10. Qg3 Ne5 11. f4 Ng6 12. f5 exf5 13. exf5 Ne5 14. Qxg7 Rg8 15. Nd5 1-0

[Event "POL-chT 1st League"]
[Site "Sypniewo"]
[Date "2022.09.10"]
[Round "8.9"]
[White "Steczek, Marcin"]
[Black "Brozyna, Mateusz"]
[Result "0-1"]
[WhiteElo "2363"]
[BlackElo "2276"]
[PlyCount "164"]
[EventDate "2022.09.03"]
[EventType "team-swiss"]
[EventRounds "9"]
[EventCountry "POL"]
[SourceTitle "CBM 210 Extra"]
[Source "ChessBase"]
[SourceDate "2022.11.30"]
[SourceVersion "1"]
[SourceVersionDate "2022.11.30"]
[SourceQuality "1"]
[WhiteTeam "Konin Hetman"]
[BlackTeam "Strzelce Opolskie Strzelec"]
[WhiteTeamCountry "POL"]
[BlackTeamCountry "POL"]

1. d4 d5 2. Nf3 Nf6 3. c4 c6 4. e3 Bg4 5. cxd5 Bxf3 6. Qxf3 cxd5 7. Nc3 Nc6 8. Bb5 e6 9. 0-0 Be7 10. Bd2 0-0 11. Rfc1 Rc8 12. Qe2 a6 13. Bd3 Bd6 14. f4 Nb4 15. Bb1 Nc6 16. Kh1 Bb4 17. Bd3 Be7 18. Rf1 Nb4 19. Bb1 g6 20. Be1 Nc6 21. g4 Bb4 22. Bd3 Bxc3 23. Bxc3 Ne4 24. Be1 f5 25. g5 Qb6 26. Kg2 Rf7 27. Rc1 Rfc7 28. a3 Qb3 29. Bxe4 fxe4 30. Rc3 Qb6 31. Rc5 Ne7 32. b4 Nf5 33. Bd2 Qa7 34. Rxc7 Rxc7 35. Rc1 Qb8 36. Rc5 b6 37. Rxc7 Qxc7 38. Qxa6 Qc2 39. Qe2 Nd6 40. Kf2 Nc4 41. Ke1 Kf7 42. Qd1 Qxd1+ 43. Kxd1 Nxa3 44. Bc1 Nb5 45. Kc2 Ke7 46. Kb3 Kd7 47. Bd2 Nd6 48. Be1 Nc4 49. Bf2 Kc6 50. h3 Kb5 51. h4 Nd6 52. Bg3 Nf5 53. Bf2 h5 54. gxh6 Nxh6 55. Be1 Ng4 56. Bd2 Nh2 57. Be1 Nf3 58. Bf2 Kc6 59. Ka4 Nd2 60. Bg1 Nc4 61. Kb3 Kd7 62. Ka4 Nd6 63. Kb3 Ke7 64. Kc2 Kf6 65. Kd1 Kf5 66. Ke2 Kg4 67. Bf2 Nf5 68. Be1 Kh3 69. Kf2 Kxh4 70. Ke2+ Kg4 71. Kf2 Kh3 72. Bc3 Kh2 73. Be1 Nd6 74. Bd2 Nc4 75. Bc3 Kh3 76. Be1 Nb2 77. Ke2 Nd3 78. Bc3 b5 79. Bd2 Kg2 80. Bc3 Nf2 81. Be1 Nh1 82. Bh4 Ng3+ 0-1

[Event "POL-chT 1st League"]
[Site "Sypniewo"]
[Date "2022.09.08"]
[Round "6.7"]
[White "Paszewski, Mateusz"]
[Black "Brozyna, Mateusz"]
[Result "1/2-1/2"]
[WhiteElo "2263"]
[BlackElo "2276"]
[PlyCount "57"]
[EventDate "2022.09.03"]
[EventType "team-swiss"]
[EventRounds "9"]
[EventCountry "POL"]
[SourceTitle "CBM 210 Extra"]
[Source "ChessBase"]
[SourceDate "2022.11.30"]
[SourceVersion "1"]
[SourceVersionDate "2022.11.30"]
[SourceQuality "1"]
[WhiteTeam "Podlesie UKS 21"]
[BlackTeam "Strzelce Opolskie Strzelec"]
[WhiteTeamCountry "POL"]
[BlackTeamCountry "POL"]

1. Nf3 d5 2. e3 Nf6 3. c4 c6 4. Nc3 e6 5. b3 Bd6 6. Bb2 0-0 7. d4 b6 8. Bd3 Bb7 9. 0-0 Nbd7 10. Qc2 Qe7 11. Rfe1 Rfe8 12. e4 dxe4 13. Nxe4 Nxe4 14. Bxe4 Nf6 15. Bd3 Ba3 16. Bc3 Rad8 17. Rad1 h6 18. Ne5 Bb4 19. h3 Bxc3 20. Qxc3 c5 21. dxc5 Qxc5 22. Bc2 Qc7 23. Qe3 Rxd1 24. Rxd1 Rd8 25. Rd4 Kf8 26. Qd2 Rxd4 27. Qxd4 Ke7 28. b4 Nd7 29. Nxd7 1/2-1/2

[Event "Titled Tuesday intern op 30th Aug Late"]
[Site "Chess.com INT"]
[Date "2022.08.30"]
[Round "3"]
[White "Brozyna, Mateusz"]
[Black "Sokolovsky, Yahli"]
[Result "0-1"]
[WhiteElo "2276"]
[BlackElo "2398"]
[PlyCount "70"]
[EventDate "2022.08.30"]
[EventType "swiss (blitz)"]
[EventRounds "11"]
[EventCountry "USA"]
[SourceTitle "EXT 2023"]
[Source "ChessBase"]
[SourceDate "2022.10.05"]
[SourceVersion "1"]
[SourceVersionDate "2022.10.05"]
[SourceQuality "1"]

1. e4 g6 2. d4 Bg7 3. Nf3 d6 4. Bd3 c5 5. c3 cxd4 6. cxd4 Nc6 7. h3 Qa5+ 8. Nc3 Bd7 9. Bd2 Nxd4 10. Nxd4 Bxd4 11. Nb5 Qxb5 12. Bxb5 Bxb5 13. Qb3 Bc6 14. 0-0 Nf6 15. Bh6 Nxe4 16. Rae1 f5 17. Rxe4 fxe4 18. Qe6 Bf6 19. Rd1 Rd8 20. Bf4 d5 21. b4 d4 22. Be5 Bd5 23. Bxf6 Bxe6 24. Bxh8 d3 25. f3 exf3 26. gxf3 Bxa2 27. Rd2 Be6 28. Kf2 Bxh3 29. Ke3 Bf5 30. Bd4 a6 31. b5 axb5 32. Rb2 Rd5 33. Bc3 h5 34. Bd2 h4 35. f4 h3 0-1

[Event "Titled Tuesday intern op 30th Aug Late"]
[Site "Chess.com INT"]
[Date "2022.08.30"]
[Round "1"]
[White "Brozyna, Mateusz"]
[Black "Yanchenko, Roman"]
[Result "0-1"]
[WhiteElo "2276"]
[BlackElo "2467"]
[PlyCount "70"]
[EventDate "2022.08.30"]
[EventType "swiss (blitz)"]
[EventRounds "11"]
[EventCountry "USA"]
[SourceTitle "EXT 2023"]
[Source "ChessBase"]
[SourceDate "2022.10.05"]
[SourceVersion "1"]
[SourceVersionDate "2022.10.05"]
[SourceQuality "1"]

1. e4 e6 2. d4 d5 3. exd5 exd5 4. Nf3 Nf6 5. Bd3 c5 6. 0-0 c4 7. Re1+ Be7 8. Bf1 0-0 9. h3 Bf5 10. b3 cxb3 11. axb3 Nc6 12. c3 a6 13. Bf4 Rc8 14. Bd3 Bxd3 15. Qxd3 Ne4 16. Nbd2 f5 17. c4 Nb4 18. Qb1 Bd6 19. Bxd6 Qxd6 20. cxd5 Nc3 21. Qc1 Nd3 22. Nc4 Rxc4 23. Qe3 Nxe1 24. bxc4 Nc2 25. Qxc3 Nxa1 26. Qxa1 b5 27. Qa2 bxc4 28. Qxc4 Rd8 29. Ne5 Qxd5 30. Qxa6 h6 31. Qg6 Rf8 32. Nf3 Qe4 33. Qd6 Rc8 34. Ne5 Rc1+ 35. Kh2 Qf4+ 0-1

[Event "Titled Tuesday intern op 16th Aug Early"]
[Site "Chess.com INT"]
[Date "2022.08.16"]
[Round "4"]
[White "Ciuffoletti, Paolo"]
[Black "Brozyna, Mateusz"]
[Result "0-1"]
[WhiteElo "2106"]
[BlackElo "2276"]
[PlyCount "68"]
[EventDate "2022.08.16"]
[EventType "swiss (blitz)"]
[EventRounds "11"]
[EventCountry "USA"]
[SourceTitle "EXT 2023"]
[Source "ChessBase"]
[SourceDate "2022.10.05"]
[SourceVersion "1"]
[SourceVersionDate "2022.10.05"]
[SourceQuality "1"]

1. e4 e5 2. Nf3 Nc6 3. Bc4 Bc5 4. b4 Bxb4 5. c3 Ba5 6. d4 d6 7. dxe5 Nge7 8. exd6 cxd6 9. Bf4 Bg4 10. Bxf7+ Kf8 11. Bb3 Ne5 12. Bxe5 dxe5 13. Qe2 Ng6 14. 0-0 Qf6 15. Nbd2 Nf4 16. Qb5 Bxc3 17. Rac1 Rc8 18. Qxb7 Ne2+ 19. Kh1 Nxc1 20. Rxc1 Qe7 21. Qd5 Bxd2 22. Rxc8+ Bxc8 23. Nxd2 g6 24. Nf3 Kg7 25. Nxe5 Rd8 26. Qa5 Qd6 27. h3 a6 28. Nf7 Qd2 29. Qxd8 Qxd8 30. Nxd8 Kf6 31. Nc6 Bd7 32. Bd5 h5 33. f4 g5 34. g3 Bxh3 0-1

[Event "Titled Tuesday intern op 05th Jul Late"]
[Site "Chess.com INT"]
[Date "2022.07.05"]
[Round "1"]
[White "Brozyna, Mateusz"]
[Black "Swiercz, Dariusz"]
[Result "0-1"]
[WhiteElo "2276"]
[BlackElo "2652"]
[PlyCount "94"]
[EventDate "2022.07.05"]
[EventType "swiss (blitz)"]
[EventRounds "11"]
[EventCountry "USA"]
[SourceTitle "CBM 209 Extra"]
[Source "ChessBase"]
[SourceDate "2022.09.30"]
[SourceVersion "1"]
[SourceVersionDate "2022.09.30"]
[SourceQuality "1"]

1. e4 e6 2. d4 d5 3. exd5 exd5 4. Nf3 Nf6 5. Bd3 Bd6 6. Qe2+ Be6 7. Ng5 Qe7 8. Nxe6 Qxe6 9. Qxe6+ fxe6 10. Nd2 Nc6 11. c3 0-0 12. Nf3 e5 13. dxe5 Nxe5 14. Nxe5 Bxe5 15. 0-0 c6 16. h3 Rae8 17. Be3 a6 18. Rae1 Bd6 19. Bd2 Kf7 20. Rxe8 Rxe8 21. Re1 Rd8 22. Bg5 h6 23. Be3 Nd7 24. g3 Bc5 25. Kg2 Bxe3 26. Rxe3 Nc5 27. Be2 a5 28. h4 Na4 29. b3 Nc5 30. Bd3 Nxd3 31. Rxd3 Re8 32. Kf3 Re1 33. c4 dxc4 34. bxc4 Ke6 35. Re3+ Rxe3+ 36. Kxe3 b5 37. Kd4 b4 38. Kc5 Ke5 39. h5 Ke4 40. f4 Kf3 41. f5 Kxg3 42. Kxc6 a4 43. c5 b3 44. axb3 axb3 45. Kd7 b2 46. c6 b1Q 47. c7 Qxf5+ 0-1

[Event "POL-ch Ekstraliga-B Rapid"]
[Site "Bydgoszcz"]
[Date "2022.03.12"]
[Round "9.2"]
[White "Brozyna, Mateusz"]
[Black "Kollars, Dmitrij"]
[Result "0-1"]
[WhiteElo "2276"]
[BlackElo "2635"]
[PlyCount "56"]
[EventDate "2022.03.11"]
[EventType "team-tourn (rapid)"]
[EventRounds "10"]
[EventCountry "POL"]
[SourceTitle "CBM 207 Extra"]
[Source "ChessBase"]
[SourceDate "2022.05.31"]
[SourceVersion "1"]
[SourceVersionDate "2022.05.31"]
[SourceQuality "1"]
[WhiteTeam "Strzelce Opolskie Strzelec"]
[BlackTeam "Bydgoszcz Energia Gwiazda"]
[WhiteTeamCountry "POL"]
[BlackTeamCountry "POL"]

1. e4 c5 2. Nf3 d6 3. Bb5+ Bd7 4. Bxd7+ Qxd7 5. 0-0 Nf6 6. Qe2 Nc6 7. c3 e6 8. d4 cxd4 9. cxd4 d5 10. e5 Ne4 11. Nbd2 Nxd2 12. Bxd2 Bb4 13. Rac1 Bxd2 14. Qxd2 0-0 15. a3 Rfc8 16. h4 Qd8 17. b4 Ne7 18. g3 Rc4 19. Rxc4 dxc4 20. Qc2 b5 21. Ng5 Nf5 22. g4 h6 23. gxf5 hxg5 24. Qd2 exf5 25. d5 Qe7 26. d6 Qxe5 27. d7 Rd8 28. Re1 Rxd7 0-1

[Event "POL-ch Ekstraliga-B Rapid"]
[Site "Bydgoszcz"]
[Date "2022.03.12"]
[Round "7.2"]
[White "Brozyna, Mateusz"]
[Black "Krasenkow, Michal"]
[Result "0-1"]
[WhiteElo "2276"]
[BlackElo "2576"]
[PlyCount "122"]
[EventDate "2022.03.11"]
[EventType "team-tourn (rapid)"]
[EventRounds "10"]
[EventCountry "POL"]
[SourceTitle "CBM 207 Extra"]
[Source "ChessBase"]
[SourceDate "2022.05.31"]
[SourceVersion "1"]
[SourceVersionDate "2022.05.31"]
[SourceQuality "1"]
[WhiteTeam "Strzelce Opolskie Strzelec"]
[BlackTeam "Gorzow Wielkopolski Stilon"]
[WhiteTeamCountry "POL"]
[BlackTeamCountry "POL"]

1. e4 e5 2. Nf3 Nc6 3. Bc4 Bc5 4. d3 d6 5. c3 Nf6 6. 0-0 a6 7. a4 0-0 8. h3 h6 9. Re1 Ba7 10. Nbd2 Be6 11. Nf1 Nxe4 12. Rxe4 d5 13. Bxd5 Bxd5 14. Re1 Qd6 15. Be3 Bxf3 16. Qxf3 Qxd3 17. Rad1 Qg6 18. Bxa7 Rxa7 19. Rd7 Qe6 20. Qd1 Rc8 21. Qd5 Qxd5 22. Rxd5 Raa8 23. Rd7 Kf8 24. Ng3 Ke8 25. Rd5 Rd8 26. c4 Kf8 27. Ne4 Nb4 28. Rdd1 Nd3 29. Re2 Nf4 30. Red2 Rxd2 31. Rxd2 Ne6 32. Rd5 f6 33. Nc5 Nxc5 34. Rxc5 c6 35. f4 Re8 36. b4 exf4 37. b5 axb5 38. cxb5 cxb5 39. Rxb5 Re4 40. a5 Re5 41. Rxb7 Rxa5 42. Kf2 Ra4 43. Kf3 Kg8 44. h4 Kh7 45. Rb5 g5 46. h5 Ra7 47. Kg4 Kg7 48. Rb8 Kf7 49. Rh8 Ra3 50. Kf5 Ra5+ 51. Ke4 f5+ 52. Kd4 Kg7 53. Rb8 g4 54. Rb6 Ra2 55. Ke5 Rxg2 56. Rb7+ Kf8 57. Kxf5 f3 58. Kg6 f2 59. Rf7+ Ke8 60. Rf4 g3 61. Kxh6 Rg1 0-1

[Event "POL-ch Ekstraliga-B Rapid"]
[Site "Bydgoszcz"]
[Date "2022.03.12"]
[Round "8.2"]
[White "Kokoszczynski, Jan"]
[Black "Brozyna, Mateusz"]
[Result "0-1"]
[WhiteElo "2296"]
[BlackElo "2276"]
[PlyCount "78"]
[EventDate "2022.03.11"]
[EventType "team-tourn (rapid)"]
[EventRounds "10"]
[EventCountry "POL"]
[SourceTitle "CBM 207 Extra"]
[Source "ChessBase"]
[SourceDate "2022.05.31"]
[SourceVersion "1"]
[SourceVersionDate "2022.05.31"]
[SourceQuality "1"]
[WhiteTeam "Plock Hetman"]
[BlackTeam "Strzelce Opolskie Strzelec"]
[WhiteTeamCountry "POL"]
[BlackTeamCountry "POL"]

1. d4 Nf6 2. c4 g6 3. Nc3 Bg7 4. Nf3 0-0 5. g3 d6 6. Bg2 Nc6 7. 0-0 Bf5 8. b3 Ne4 9. Bb2 Nxc3 10. Bxc3 Be4 11. Qd2 e6 12. Rfd1 d5 13. Rac1 h6 14. h4 a5 15. Qf4 Qd6 16. Ne5 Bxg2 17. Kxg2 a4 18. e4 axb3 19. axb3 dxc4 20. Nxc4 Qxf4 21. gxf4 Bf6 22. h5 Rad8 23. hxg6 fxg6 24. e5 Bh4 25. Rh1 g5 26. fxg5 hxg5 27. f3 Nxd4 28. Ne3 Rxf3 29. Bxd4 Rg3+ 30. Kh2 Rxd4 31. Rhe1 Rd2+ 32. Kh1 Rh3+ 33. Kg1 Bxe1 34. Rxe1 Rd3 35. Nc4 Rxb3 36. Ra1 Rhg3+ 37. Kh2 Rgc3 38. Na5 Rb2+ 39. Kh1 g4 0-1

[Event "POL-ch Ekstraliga-B Rapid"]
[Site "Bydgoszcz"]
[Date "2022.03.12"]
[Round "10.2"]
[White "Mis, Mieszko"]
[Black "Brozyna, Mateusz"]
[Result "1-0"]
[WhiteElo "2388"]
[BlackElo "2276"]
[PlyCount "63"]
[EventDate "2022.03.11"]
[EventType "team-tourn (rapid)"]
[EventRounds "10"]
[EventCountry "POL"]
[SourceTitle "CBM 207 Extra"]
[Source "ChessBase"]
[SourceDate "2022.05.31"]
[SourceVersion "1"]
[SourceVersionDate "2022.05.31"]
[SourceQuality "1"]
[WhiteTeam "Czarna"]
[BlackTeam "Strzelce Opolskie Strzelec"]
[WhiteTeamCountry "POL"]
[BlackTeamCountry "POL"]

1. d4 Nf6 2. c4 g6 3. Nc3 Bg7 4. e4 d6 5. f4 0-0 6. Nf3 c5 7. d5 b5 8. cxb5 a6 9. bxa6 Bxa6 10. Bxa6 Nxa6 11. 0-0 Qa5 12. Qe2 e6 13. dxe6 fxe6 14. Rd1 Rad8 15. Qc4 Nc7 16. Bd2 Qa7 17. e5 d5 18. Qe2 Nh5 19. g3 Qb7 20. Rab1 d4 21. Na4 Qc6 22. b3 c4 23. Bb4 d3 24. Qg2 Nd5 25. Nd4 Qa6 26. Bxf8 Rxf8 27. Nc5 Qb6 28. Ncxe6 Ne3 29. Qc6 Qxc6 30. Nxc6 Nxd1 31. Rxd1 Re8 32. Nc7 1-0

[Event "POL-chT 1st League"]
[Site "Szklarska Poreba"]
[Date "2021.09.07"]
[Round "4.9"]
[White "Kucza, Karol"]
[Black "Brozyna, Mateusz"]
[Result "1/2-1/2"]
[WhiteElo "2322"]
[BlackElo "2297"]
[PlyCount "69"]
[EventDate "2021.09.04"]
[EventType "team-swiss"]
[EventRounds "9"]
[EventCountry "POL"]
[SourceTitle "CBM 204 Extra"]
[Source "ChessBase"]
[SourceDate "2021.11.30"]
[SourceVersion "1"]
[SourceVersionDate "2021.11.30"]
[SourceQuality "1"]
[WhiteTeam "Ostrow Wielkopolski"]
[BlackTeam "Strzelce Opolskie Strzelec"]
[WhiteTeamCountry "POL"]
[BlackTeamCountry "POL"]

1. e4 e5 2. Nf3 Nc6 3. Bb5 a6 4. Ba4 Nf6 5. 0-0 Be7 6. Re1 b5 7. Bb3 d6 8. c3 0-0 9. h3 Nb8 10. d4 Nbd7 11. Nbd2 Bb7 12. Bc2 Re8 13. Nf1 Bf8 14. Ng3 g6 15. a4 Bg7 16. Bd3 d5 17. Bg5 dxe4 18. Nxe4 exd4 19. cxd4 h6 20. Bxf6 Nxf6 21. Nxf6+ Bxf6 22. axb5 Rxe1+ 23. Qxe1 axb5 24. Rxa8 Qxa8 25. Qe2 Bxf3 26. Qxf3 Qxf3 27. gxf3 b4 28. b3 Bxd4 29. f4 Kg7 30. Kg2 Kf6 31. Kf3 g5 32. fxg5+ Kxg5 33. Kg2 Kf4 34. f3 c5 35. Bc4 1/2-1/2

[Event "POL-chT 1st League"]
[Site "Szklarska Poreba"]
[Date "2021.09.04"]
[Round "1.2"]
[White "Kolosowski, Mateusz"]
[Black "Brozyna, Mateusz"]
[Result "1-0"]
[WhiteElo "2448"]
[BlackElo "2297"]
[PlyCount "57"]
[EventDate "2021.09.04"]
[EventType "team-swiss"]
[EventRounds "9"]
[EventCountry "POL"]
[SourceTitle "CBM 204 Extra"]
[Source "ChessBase"]
[SourceDate "2021.11.30"]
[SourceVersion "1"]
[SourceVersionDate "2021.11.30"]
[SourceQuality "1"]
[WhiteTeam "Kopernik WKS"]
[BlackTeam "Strzelce Opolskie Strzelec"]
[WhiteTeamCountry "POL"]
[BlackTeamCountry "POL"]

1. e4 e5 2. Nf3 Nc6 3. d4 exd4 4. Nxd4 Bc5 5. Nxc6 Qf6 6. Qf3 dxc6 7. Nc3 Be6 8. Qg3 0-0-0 9. Be3 Bxe3 10. Qxe3 Qd4 11. Qxd4 Rxd4 12. Rd1 Rxd1+ 13. Kxd1 Ne7 14. g3 Rd8+ 15. Kc1 c5 16. f4 f6 17. Bg2 Nc6 18. e5 Nd4 19. exf6 gxf6 20. Re1 h5 21. Ne4 Bd5 22. Bh3+ f5 23. c3 Bxe4 24. Rxe4 Nf3 25. Bxf5+ Kb8 26. Re2 Rg8 27. Rf2 Ng1 28. Rf1 Rf8 29. Be6 1-0

[Event "Ustron op-A"]
[Site "Ustron"]
[Date "2021.08.15"]
[Round "4"]
[White "Brozyna, Mateusz"]
[Black "Wojdak, Jan"]
[Result "1/2-1/2"]
[WhiteElo "2312"]
[BlackElo "2201"]
[PlyCount "73"]
[EventDate "2021.08.13"]
[EventType "swiss"]
[EventRounds "9"]
[EventCountry "POL"]
[SourceTitle "CBM 203 Extra"]
[Source "ChessBase"]
[SourceDate "2021.09.30"]
[SourceVersion "1"]
[SourceVersionDate "2021.09.30"]
[SourceQuality "1"]

1. e3 Nf6 2. b3 d5 3. Bb2 c5 4. Nf3 e6 5. Ne5 Bd6 6. f4 b6 7. Bb5+ Bd7 8. Nxd7 Nbxd7 9. 0-0 a6 10. Bxd7+ Qxd7 11. c4 Be7 12. Qf3 0-0 13. d3 Rfd8 14. e4 dxe4 15. dxe4 Qd3 16. Nc3 Qxf3 17. Rxf3 Ra7 18. e5 Ne8 19. Ne4 h5 20. Kf2 Rad7 21. Re1 g6 22. g3 Ng7 23. Ke2 Nf5 24. h3 h4 25. gxh4 Bxh4 26. Rg1 Be7 27. Bc3 Rd4 28. Bxd4 Nxd4+ 29. Ke3 Nxf3 30. Kxf3 Rd3+ 31. Kg4 Rd4 32. Re1 b5 33. cxb5 axb5 34. h4 c4 35. bxc4 bxc4 36. Re3 Kf8 37. Nc3 1/2-1/2

[Event "POL-chT Academic"]
[Site "Chorzow"]
[Date "2021.05.15"]
[Round "2.20"]
[White "Brozyna, Mateusz"]
[Black "Jankowiak, Tomasz"]
[Result "1-0"]
[WhiteElo "2312"]
[BlackElo "2133"]
[PlyCount "67"]
[EventDate "2021.05.15"]
[EventType "team-swiss (rapid)"]
[EventRounds "9"]
[EventCountry "POL"]
[SourceTitle "CBM 202 Extra"]
[Source "ChessBase"]
[SourceDate "2021.07.31"]
[SourceVersion "1"]
[SourceVersionDate "2021.07.31"]
[SourceQuality "1"]
[WhiteTeam "Krakow Politechnik"]
[BlackTeam "Wroclaw Politechnik"]
[WhiteTeamCountry "POL"]
[BlackTeamCountry "POL"]

1. e4 c5 2. Nf3 Nf6 3. Nc3 Nc6 4. g3 d6 5. Bg2 g6 6. 0-0 Bg7 7. d4 cxd4 8. Nxd4 Bd7 9. Nb3 0-0 10. Bg5 Rc8 11. Re1 Re8 12. Rb1 a6 13. Nd5 Nxd5 14. exd5 Ne5 15. Nd4 h6 16. Bf4 Qa5 17. a3 Nc4 18. c3 Kh7 19. h4 Ne5 20. Be4 Bg4 21. f3 Bd7 22. h5 f5 23. hxg6+ Kxg6 24. Nb3 Qb6+ 25. Be3 Qb5 26. Bc2 Nc4 27. Bf2 Kf7 28. a4 Qxa4 29. Nd4 Qa5 30. Nxf5 Bf8 31. f4 e6 32. Qh5+ Kf6 33. Nxh6 Re7 34. Qg5# 1-0